Michel Henry théologien: (à propos de "C'est moi la vérité")

Saved in:  
Bibliographic Details
Main Author: Falque, Emmanuel 1963- (Author)
Format: Print Review
Language:French
Check availability: HBZ Gateway
Interlibrary Loan:Interlibrary Loan for the Fachinformationsdienste (Specialized Information Services in Germany)
Published: 2001
In: Laval théologique et philosophique
Year: 2001, Volume: 57, Issue: 3, Pages: 525-536
Review of:C'est moi la vérité / Michel Henry (Falque, Emmanuel)
RelBib Classification:NAB Fundamental theology
VA Philosophy
Further subjects:B Book review
B Christian philosophy

MARC

LEADER 00000caa a22000002c 4500
001 1643188151
003 DE-627
005 20220616114700.0
007 tu
008 160405s2001 xx ||||| o 00| ||fre c
035 |a (DE-627)1643188151 
035 |a (DE-576)465648924 
035 |a (DE-599)BSZ465648924 
040 |a DE-627  |b ger  |c DE-627  |e rakwb 
041 |a fre 
084 |a 1  |2 ssgn 
100 1 |0 (DE-588)129552704  |0 (DE-627)472393391  |0 (DE-576)181640376  |4 aut  |a Falque, Emmanuel  |d 1963- 
109 |a Falque, Emmanuel 1963- 
245 1 0 |a Michel Henry théologien  |b (à propos de "C'est moi la vérité") 
264 1 |c 2001 
336 |a Text  |b txt  |2 rdacontent 
337 |a ohne Hilfsmittel zu benutzen  |b n  |2 rdamedia 
338 |a Band  |b nc  |2 rdacarrier 
601 |a Henry, Michel 
650 0 7 |0 (DE-588)4113224-5  |0 (DE-627)105830976  |0 (DE-576)20947470X  |a Christliche Philosophie  |2 gnd 
652 |a NAB:VA 
655 7 |a Rezension  |0 (DE-588)4049712-4  |0 (DE-627)106186019  |0 (DE-576)209083166  |2 gnd-content 
773 0 8 |i In  |t Laval théologique et philosophique  |d Québec : Univ., 1944  |g 57(2001), 3, Seite 525-536  |w (DE-627)129883638  |w (DE-600)300465-X  |w (DE-576)015180816  |x 0023-9054  |7 nnas 
773 1 8 |g volume:57  |g year:2001  |g number:3  |g pages:525-536 
787 0 8 |i Rezension von  |a C'est moi la vérité / Michel Henry 
935 |a mteo 
951 |a AR 
ELC |b 1 
ITA |a 1  |t 1 
LOK |0 000 xxxxxcx a22 zn 4500 
LOK |0 001 3308086387 
LOK |0 003 DE-627 
LOK |0 004 1643188151 
LOK |0 005 20160405132536 
LOK |0 008 160404||||||||||||||||ger||||||| 
LOK |0 040   |a DE-Tue135  |c DE-627  |d DE-Tue135 
LOK |0 092   |o n 
LOK |0 852   |z Behandeltes Werk UB Tübingen: 38A1836 
LOK |0 852   |a DE-Tue135 
LOK |0 852 1  |9 00 
LOK |0 935   |a ixzs  |a ixmi 
LOK |0 936ln  |0 1442053844  |a VA 
LOK |0 936ln  |0 1442050926  |a NAB 
LOK |0 939   |a 04-04-16  |b l01 
ORI |a SA-MARC-ixtheoa001.raw 
REL |a 1 
STA 0 0 |a Christian philosophy 
STB 0 0 |a Philosophie chrétienne 
STC 0 0 |a Filosofía cristiana 
STD 0 0 |a Filosofia cristiana 
STE 0 0 |a 基督教哲学 
STF 0 0 |a 基督教哲學 
STG 0 0 |a Filosofia cristã 
STH 0 0 |a Христианская философия 
STI 0 0 |a Χριστιανική φιλοσοφία 
SUB |a REL 
SYE 0 0 |a Christentum